Microsoft Office Excel 2003 programming inside out /

Bibliographic Details
Main Author: Frye, Curtis, 1968-
Other Authors: Freeze, Wayne S., Buckingham, Felicia
Format: Book
Language:English
Published: Redmond, Wash. : Microsoft Press, [2004]
Subjects:

MARC

Tag First Indicator Second Indicator Subfields
LEADER 00000cam a22000004a 4500
001 in00001822021
005 20151026053625.0
008 031029s2004 waua 001 0 eng
010 |a  2003064850 
020 |a 0735619859 
035 |a (OCoLC)ocm53360652 
040 |a DLC  |c DLC  |d TXA  |d UtOrBLW 
042 |a pcc 
049 |a TXAM 
050 0 0 |a HF5548.4.M523  |b F798 2004 
082 0 0 |a 005.54  |2 22 
100 1 |a Frye, Curtis,  |d 1968- 
245 1 0 |a Microsoft Office Excel 2003 programming inside out /  |c Curtis Frye, Wayne Freeze, Felicia Buckingham. 
246 3 0 |a Excel 2003 programming inside out 
264 1 |a Redmond, Wash. :  |b Microsoft Press,  |c [2004] 
264 4 |c ©2004 
300 |a xxvi, 594 pages :  |b illustrations ;  |c 24 cm. +  |e 1 CD-ROM (4 3/4 in.) 
336 |a text  |b txt  |2 rdacontent 
337 |a unmediated  |b n  |2 rdamedia 
338 |a volume  |b nc  |2 rdacarrier 
500 |a CD-ROM includes complete ebook in PDF format, catalog of Excel resources with links to third-party tools and demos, Microsoft resources and demos, and free Microsoft comptuer dictionary, 5th edition. 
500 |a Includes index. 
538 |a System requirements: Pentium 266-MHz or higher processor; Microsoft Windows XP or later or Windows 2000 Professional with Service Pack 3 or later. 
630 0 0 |a Microsoft Excel (Computer file) 
650 0 |a Business  |x Computer programs. 
650 0 |a Electronic spreadsheets. 
700 1 |a Freeze, Wayne S. 
700 1 |a Buckingham, Felicia. 
740 0 2 |a Microsoft computer dictionary. 
994 |a E0  |b TXA 
948 |a cataloged  |b h  |c 2004/4/6  |d c  |e bwalker  |f 11:42:29 am 
999 |a MARS 
999 f f |s 269bb6e8-9f17-3e86-9204-b70320c7e0f8  |i 3bcaf8cd-d337-3e71-b224-47b5a4127b2a  |t 0 
952 f f |p ric  |a Texas A&M University  |b Rellis Campus  |c Joint Library Facility  |s JLF  |d Remote Storage  |t 0  |e HF5548.4.M523 F798 2004  |h Library of Congress classification  |i unmediated -- volume  |m A14831118126 
998 f f |a HF5548.4.M523 F798 2004  |t 0  |l Remote Storage